000 00900nam a22003017a 4500
001 0007924
003 KOHA_MİRAKIL
005 20260207001615.0
007 ta
008 091006b1998 tu |||gr||||#||||0|tur |
020 _a9755122885
_c0,01
040 _aTR-BiSEU
_btur
_cTR-BiSEU
_erda
041 0 _atur
044 _ctu
050 _aKKX3410
_b.S67 1998
245 0 _aSorularla ihracat mevzuatı/
_ceditör Meltem Türkoğlu.
264 1 _aİstanbul :
_bİstanbul Ticaret Odası
_c1998
300 _a39 sayfa
336 _ametin
_btxt
_2rdacontent
337 _aaracısız
_bn
_2rdamedia
338 _acilt
_bnc
_2rdacarrier
490 1 _aİstanbul Ticaret Odası yayın ;
_vno.
490 1 _a1998-55.
650 0 _aDış ticareti geliştirme--Hukuk ve mevzuat--Türkiye.
_918741
830 1 _aİstanbul Ticaret Odası yayın ;
_vno.
_910299
830 1 _a1998-55.
_919646
942 _2lcc
_cBK
999 _c7900
_d7900